000 00876nam a2200229Ii 4500
003 JO-AjNU
005 20240629130932.0
008 230605s9999||||xx |||||||||||||| ||und||
040 _aJO-AjNU
_bara
_erda
_cJO-AjNU
041 _aara
050 1 4 _aH62.F3782.2004
100 3 _aالفتلاوي،سهيلة محسن كاظم,
_eauthor
_911800
245 0 0 _aكفايات تدريس المواد الاجتماعية بين النظرية والتطبيق في التخطيط والتقويم(مع الامثلة الوافية)
250 _aط1العربية
264 3 1 _aعمان:دار الشروق للنشر والتوزيع،2004
300 _a287ص
336 _atext
_btxt
_2rdacontent
337 _aunmediated
_bn
_2rdamedia
338 _avolume
_bnc
_2rdacarrier
650 4 _aالعلوم الاجتماعية - دراسة وتعليم 
_911801
942 _2lcc
_cBK
999 _c6078
_d6078